100 ways to bring out your best: (Record no. 159163)

MARC details
000 -LEADER
fixed length control field 00535nam a22001817a 4500
005 - DATE AND TIME OF LATEST TRANSACTION
control field 20181206154654.0
010 ## - LCCN (DPL NO)
LC control number B-229196
020 ## - INTERNATIONAL STANDARD BOOK NUMBER
International Standard Book Number 8122309267
Terms of availability 120.00
035 ## - SYSTEM CONTROL NUMBER
System control number B-229196
037 ## - SOURCE OF ACQUISITION
Source of stock number/acquisition Pustak Mahal
082 ## - DEWEY DECIMAL CLASSIFICATION NUMBER
Classification number 650.1
100 ## - MAIN ENTRY--PERSONAL NAME
Personal name Fritz, Roger
245 ## - TITLE STATEMENT
Title 100 ways to bring out your best:
Remainder of title never underestimate yourself/
Statement of responsibility, etc by Roger Fritz
260 ## - PUBLICATION, DISTRIBUTION, ETC. (IMPRINT)
Place of publication, distribution, etc New Delhi
Name of publisher, distributor, etc Pustak Mahal
Date of publication, distribution, etc 2003
300 ## - PHYSICAL DESCRIPTION
Extent 150p.
Dimensions 24cm(Pbk.)
942 ## - ADDED ENTRY ELEMENTS (KOHA)
Source of classification or shelving scheme Dewey Decimal Classification
Item type English Books
Classification part 650.1
Call number suffix FRI
Holdings
Withdrawn status Lost status Not for loan Collection code Home library Current library Date acquired Full call number Barcode Koha item type
      Non-fiction Sarojini Nagar Sarojini Nagar 06/12/2018 650.1 FRI B-229196 English Books

© Delhi Public Library
Hit Counter
free hit counter